| 000 | 00514nam a2200193Ia 4500 | ||
|---|---|---|---|
| 008 | 220216s9999 xx 000 0 und d | ||
| 100 | _aOter M | ||
| 245 | 0 | _aSubstitution of aromatic processing oils in rubber compounds | |
| 260 |
_bKautschuk Gummi Kunststoffe _c2011 |
||
| 300 | _a48-51 | ||
| 650 | _aAromatic oil | ||
| 650 | _aEco-friendly oils | ||
| 650 | _aMechanical properties | ||
| 650 | _aRubber compounds | ||
| 650 | _aVulcanization | ||
| 700 | _aDeniz V | ||
| 700 | _aKaraagac B | ||
| 942 | _cJS | ||
| 999 |
_c69899 _d69899 |
||